[Event "COL-ch"]
[Site "El Bagre"]
[Date "2012.06.07"]
[Round "7"]
[White "Castro Rojas, Oscar Humberto"]
[Black "Barrientos Chavarriaga, Sergio E"]
[Result "0-1"]
[WhiteElo "2370"]
[BlackElo "2513"]
[PlyCount "56"]
[EventDate "2012.06.02"]
[EventType "tourn"]
[EventRounds "11"]
[EventCountry "COL"]
[SourceTitle "EXT 2014"]
[Source "ChessBase"]
[SourceDate "2013.11.20"]
[SourceVersion "1"]
[SourceVersionDate "2013.11.20"]
[SourceQuality "1"]

1. Nf3 Nf6 2. c4 e6 3. Nc3 Bb4 4. g3 0-0 5. Bg2 d5 6. Qb3 c5 7. 0-0 Nc6 8. d3 h6 9. Na4 b6 10. a3 Ba5 11. Rd1 Bd7 12. Nc3 d4 13. Na2 e5 14. Qc2 Re8 15. Rb1 Qe7 16. b4 cxb4 17. axb4 Bxb4 18. Nxe5 Qxe5 19. Nxb4 Rac8 20. e4 dxe3 21. Bxe3 Nxb4 22. Rxb4 Qh5 23. Bd4 Re2 24. Qc1 Rce8 25. Rf1 Ng4 26. h3 Ne5 27. g4 Nxg4 28. hxg4 Qxg4 0-1

[Event "COL-ch"]
[Site "El Bagre"]
[Date "2012.06.04"]
[Round "4"]
[White "Mateus Urbano, Luis Alejandro"]
[Black "Castro Rojas, Oscar Humberto"]
[Result "0-1"]
[WhiteElo "2246"]
[BlackElo "2370"]
[PlyCount "106"]
[EventDate "2012.06.02"]
[EventType "tourn"]
[EventRounds "11"]
[EventCountry "COL"]
[SourceTitle "EXT 2014"]
[Source "ChessBase"]
[SourceDate "2013.11.20"]
[SourceVersion "1"]
[SourceVersionDate "2013.11.20"]
[SourceQuality "1"]

1. e4 e5 2. Nf3 Nc6 3. d4 exd4 4. Nxd4 Nf6 5. Nxc6 bxc6 6. e5 Qe7 7. Qe2 Nd5 8. Nd2 Qe6 9. Nf3 c5 10. c4 Nb4 11. a3 Nc6 12. Bd2 g6 13. Bc3 Bg7 14. 0-0-0 0-0 15. Rd5 Qe7 16. Qe3 Nd4 17. Nxd4 cxd4 18. Qxd4 Re8 19. Qd2 c6 20. Rd3 Qc5 21. f4 Qxc4 22. Kb1 d5 23. Rd4 Qc5 24. Ra4 Qb6 25. Ba5 Qb7 26. Bb4 Bf5+ 27. Ka1 f6 28. Ba6 Qd7 29. exf6 Bxf6 30. Bc3 d4 31. Rxd4 Bxd4 32. Qxd4 Qxd4 33. Bxd4 Rad8 34. Bc4+ Be6 35. Bxe6+ Rxe6 36. Be5 Rd2 37. g4 h5 38. h3 h4 39. Rf1 Rd3 40. Bc3 Rxh3 41. f5 gxf5 42. gxf5 Ree3 43. f6 Rhf3 44. Rg1+ Rg3 45. Rf1 Kf7 46. Rf4 h3 47. Rh4 Rxc3 48. bxc3 Kxf6 49. Kb2 Kg5 50. Rh7 Kg4 51. Kb3 Rf3 52. Kb4 Rf5 53. a4 a5+ 0-1

[Event "COL-ch"]
[Site "El Bagre"]
[Date "2012.06.03"]
[Round "3"]
[White "Castro Rojas, Oscar Humberto"]
[Black "Tovio, Israel"]
[Result "1-0"]
[WhiteElo "2370"]
[BlackElo "2289"]
[PlyCount "68"]
[EventDate "2012.06.02"]
[EventType "tourn"]
[EventRounds "11"]
[EventCountry "COL"]
[SourceTitle "EXT 2014"]
[Source "ChessBase"]
[SourceDate "2013.11.20"]
[SourceVersion "1"]
[SourceVersionDate "2013.11.20"]
[SourceQuality "1"]

1. Nf3 Nf6 2. c4 e6 3. Nc3 d5 4. d4 Be7 5. Bg5 h6 6. Bh4 0-0 7. e3 b6 8. Rc1 Bb7 9. Bxf6 Bxf6 10. cxd5 exd5 11. b4 c6 12. Qb3 Qd6 13. Be2 Nd7 14. 0-0 Rfe8 15. Rfd1 a6 16. a4 Be7 17. Rb1 Qe6 18. Bf1 Bd6 19. g3 Nf6 20. Bg2 b5 21. Ne1 Nd7 22. axb5 axb5 23. e4 dxe4 24. Bxe4 Nf6 25. Bg2 Qc4 26. Qxc4 bxc4 27. Nc2 Nd5 28. Nxd5 cxd5 29. Ne3 Reb8 30. Bxd5 Bxd5 31. Nxd5 Rb5 32. Ne3 c3 33. Nc2 Ra3 34. Rdc1 Rb8 1-0